| 000 | 00831cab a2200217 4500 | ||
|---|---|---|---|
| 001 | X3893 | ||
| 008 | 090401t1997 xxu||||| |||| 00| 0 eng d | ||
| 035 | _a(Sirsi) u33624 | ||
| 041 | _aeng | ||
| 245 | _aAlbany Homes Ltd v Massey and Massey | ||
| 260 | _c1997 | ||
| 350 | _a0 | ||
| 490 |
_aNew Property Cases _v[1997] NPC 17 (2) |
||
| 520 | _aCA 12 February 1997. In a case where the ejection of one of two mortgagors is of no benefit to the mortgagee it is not in general right to make an order for possession against one of them for the period during which the other is entitled to remain in possession. HEADNOTE FROM JOURNAL - NOT TO BE PHOTOCOPIED. | ||
| 650 | _aALBANY HOMES V MASSEY | ||
| 650 | _aMORTGAGE ARREARS | ||
| 650 | _aPOSSESSION ORDER | ||
| 690 | _aHOUSING-CASE LAW | ||
| 942 | _n0 | ||
| 948 | _c04/03/1997 | ||
| 999 |
_c22430 _d22430 |
||